Не грусти! (Запись № 3026699)

Подробности
000 -МАРКЕР
контрольное поле 01380nam0a2200313 i 4500
001 - ИДЕНТИФИКАТОР ЗАПИСИ
контрольное поле RU\NLR\bibl\1909753
005 - ИДЕНТИФИКАТОР ВЕРСИИ
контрольное поле 20260406101026.0
010 ## - МЕЖДУНАРОДНЫЙ СТАНДАРТНЫЙ НОМЕР КНИГИ (ISBN)
Номер (ISBN) 9785699538614
Тираж 8000
021 ## - НОМЕР ГОСУДАРСТВЕННОЙ РЕГИСТРАЦИИ
Код страны Российская Федерация
Номер 2011-98691
Номер Листа государственной регистраци 236д/12
035 ## - ДРУГИЕ СИСТЕМНЫЕ НОМЕРА
Идентификатор записи (NLR Aleph) 001899302
100 ## - ДАННЫЕ ОБЩЕЙ ОБРАБОТКИ
Данные общей обработки 20120531d2012 u y0rusy50 ca
101 1# - ЯЗЫК РЕСУРСА
Язык текста, звукозаписи и т.д. русский
Язык оригинала арабский
102 ## - СТРАНА ПУБЛИКАЦИИ ИЛИ ПРОИЗВОДСТВА
Страна публикации Российская Федерация
105 ## - ПОЛЕ КОДИРОВАННЫХ ДАННЫХ: ТЕКСТОВЫЕ МАТЕРИАЛЫ, МОНОГРАФИЧЕСКИЕ
Кодированные данные о монографическом текстовом документе a |||||||||
200 1# - ЗАГЛАВИЕ И СВЕДЕНИЯ ОБ ОТВЕТСТВЕННОСТИ
Основное заглавие Не грусти!
Сведения, относящиеся к заглавию рецепты счастья и лекарство от грусти
Первые сведения об ответственности `Аид ибн `Абдуллах аль-Карни
Последующие сведения об ответственности [сокр. пер. с араб., лит. обраб., доп.: Карима (Екатерина) Сорокоумова
-- худож.: Рашида Галимова]
210 ## - ПУБЛИКАЦИЯ, РАСПРОСТРАНЕНИЕ И ДР.
Место издания, распространения и т.д. Москва
Имя издателя, распространителя и т. д. Ummah
-- Эксмо
Дата издания, распространения и т.д. 2012
215 ## - ФИЗИЧЕСКАЯ ХАРАКТЕРИСТИКА
Специфическое обозначение материала и объем 319, 64 с.
Другие сведения о физической характеристике ил., цв. ил.
Размеры 19
606 1# - НАИМЕНОВАНИЕ ТЕМЫ КАК ПРЕДМЕТ
Наименование темы Счастье
Тематический подзаголовок Мусульманская концепция
Системный номер авторитетной/нормативной записи 2106833
Идентификатор авторитетной/нормативной записи RU\NLR\auth\661577233
686 ## - ИНДЕКСЫ ДРУГИХ КЛАССИФИКАЦИЙ
Индекс Э38-433.18
700 #1 - ИМЯ ЛИЦА - ПЕРВИЧНАЯ ОТВЕТСТВЕННОСТЬ
Код отношения Автор
Графика поля Кириллица
Материалы, к которым относится поле rus
Начальный элемент ввода Аль-Карни
Часть имени, кроме начального элемента ввода А.
Даты 1959-
Расширение инициалов личного имени Аид
Системный номер авторитетной/нормативной записи 94859
Идентификатор авторитетной/нормативной записи RU\NLR\auth\77111934
702 #1 - ИМЯ ЛИЦА - ВТОРИЧНАЯ ОТВЕТСТВЕННОСТЬ
Код отношения Переводчик
Графика поля Кириллица
Материалы, к которым относится поле rus
Начальный элемент ввода Сорокоумова
Часть имени, кроме начального элемента ввода Е. М.
Расширение инициалов личного имени Екатерина М.
Системный номер авторитетной/нормативной записи 61499
Идентификатор авторитетной/нормативной записи RU\NLR\auth\7778571
702 #1 - ИМЯ ЛИЦА - ВТОРИЧНАЯ ОТВЕТСТВЕННОСТЬ
Начальный элемент ввода Галимова
Часть имени, кроме начального элемента ввода Р.
Расширение инициалов личного имени Рашида
Код отношения Иллюстратор
801 #0 - ИСТОЧНИК ЗАПИСИ
Страна Российская Федерация
Организация NLR
Дата составления 20120531
Правила каталогизации RCR
801 #1 - ИСТОЧНИК ЗАПИСИ
Страна Российская Федерация
Организация NLR
Дата составления 20120531
942 ## - ДОПОЛНИТЕЛЬНЫЕ ЭЛЕМЕНТЫ ЗАПИСИ (АБИС)
Тип экземпляра АБИС Книга
980 ## - КОЛЛЕКЦИЯ
Название коллекции НБР

Нет доступных экземпляров.